Stav chrupu adolescentných a dospelých jedincov z včasnostredovekého pohrebiska Nitra-Lupka (9. stor. n. l., juhozápadné SLovensko): konfrontácia s hodnotením z roku 1969

Bibliographic Details
Main Authors: Bodoriková, Silvia, 1972- (Author), Thurzo, Milan, 1942- (Author), Beňuš, Radoslav, 1975- (Author), Katina, Stanislav (Author), Selecká, Petra (Author)
Format: Article
Language:Slovak
PhysicalDescription:Tab.
ISBN:808060200X
ISSN:0139-5424
Subjects:

MARC

LEADER 00000naa a2200000 a 4500
001 vtls009085887
003 SK-MaSNL
005 20260302145215.0
008 140305e2006 xo | ||ab |||| ||slo
015 |a SNBRA2007/08  |2 snkbucl 
038 |a SNKBUCL 
040 |a SNKBUCL  |b slo  |c SNKBUCL  |e AACR2 
041 0 |a slo 
044 |a xo  |c SK 
080 |a 616.314  |x (437.6)  |x "08"  |2 1997 
080 |a 616.314-002  |x (437.6)  |x "08"  |2 1997 
080 |a 572:616  |x (437.6)  |2 1997 
080 |a 902:616  |x (437.6)  |2 1997 
080 |a 902:572  |x (437.6)  |2 1997 
245 0 0 |a Stav chrupu adolescentných a dospelých jedincov z včasnostredovekého pohrebiska Nitra-Lupka (9. stor. n. l., juhozápadné SLovensko): konfrontácia s hodnotením z roku 1969  |c Silvia Bodoriková ... [et al.] 
300 |b Tab. 
504 |a Literatúra 
546 |a Abstrakt angl. 
648 7 |a 9. stor.  |2 snkbucl  |9 282647 
650 0 7 |a Slovania  |2 snkbucl  |9 18587 
650 0 7 |a adolescenti  |2 snkbucl  |9 4892 
650 0 7 |a slovanské pohrebiská  |2 snkbucl  |9 449756 
650 0 7 |a dospelí  |2 snkbucl  |9 4893 
650 0 7 |a odontológia  |2 snkbucl  |9 836981 
650 0 7 |a paleopatológia  |2 snkbucl  |9 27447 
650 0 7 |a odontologická analýza  |2 snkbucl  |9 836982 
650 0 7 |a chrup  |2 snkbucl  |9 21963 
650 0 7 |a choroby zubov  |2 snkbucl  |9 1165 
650 0 7 |a zubný kaz  |2 snkbucl  |9 78024 
650 0 7 |a raný stredovek  |2 snkbucl  |9 76105 
651 7 |a Nitra (Slovensko)  |2 snkbucl  |9 15714 
651 7 |a Lupka (Nitra, Slovensko)  |2 snkbucl  |9 836983 
655 7 |a štúdie  |2 snkbucl  |9 57033 
700 1 |a Bodoriková, Silvia,  |d 1972-  |4 aut  |9 252262 
700 1 |a Thurzo, Milan,  |d 1942-  |4 aut  |9 87561 
700 1 |a Beňuš, Radoslav,  |d 1975-  |4 aut  |9 27444 
700 1 |a Katina, Stanislav  |4 aut  |9 336275 
700 1 |a Selecká, Petra  |4 aut  |9 794007 
773 0 |t Zborník Slovenského národného múzea. Prírodné vedy. Ročník LII - 2006  |d Bratislava : Slovenské národné múzeum-Prírodovedné múzeum, 2006  |g S. 69-81  |x 0139-5424  |z 808060200X 
852 |a SNK  |b KIS3GCP 
958 |a NB 
999 |c 1353087  |d 1355017